00513 2200193 4500001002100000005001500021035002000036008004100056245004500097250001200142260003300154300002700187020002200214084001800236082001400254650002300268990001400291990001400305INLIS00000000000004420260413034411 a0010-0317000042260413 0  a250 resep sehat dan sedap ala vegetarian a1st ed. aYogyakarta :bG-Media,c2012 axiv, 310 hlm. ;c19 cm a978-979-29-2261-5 a641.563 6 Dua a641.563 6 aVEGETARIAN COOKERY a219612211 a000622191